Normal view MARC view

Entry Nombre geográfico

Number of records used in: 1

001 - NÚMERO DE CONTROL

  • campo de control: 47963

003 - IDENTIFICADOR DEL NÚMERO DE CONTROL

  • campo de control: OSt

005 - FECHA Y HORA DE LA ÚLTIMA TRANSACCIÓN

  • campo de control: 20220506141517.0

008 - DATOS DE LONGITUD FIJA

  • campo de control de longitud fija: 220506|| aca||aabn | a|a d

040 ## - FUENTE DE LA CATALOGACIÓN

  • Centro catalogador/agencia de origen: OSt
  • Centro/agencia transcriptor: OSt

151 ## - ENCABEZAMIENTO--NOMBRE GEOGRÁFICO

  • Nombre geográfico: Perú
  • Subdivisión general: Historia
  • Subdivisión cronológica: Época Prehispánica
  • Subdivisión cronológica: -Descubrimiento y Conquista, 1519-1536
  • Subdivisión de forma: -Novelas

670 ## - FUENTE DE DATOS ENCONTRADOS

  • Cita de la fuente: Work cat.: (OSt)0: Dumett, Rafael, 1963- 47960, El espía del inca /

Powered by Koha